000 00691nam a22002657a 4500
001 BR9405526
003 BR-BrBNA
005 20230928094324.0
007 ta
008 230509b bl.||||| |||| 00| 0 por d
040 _aBR-BrBNA
_bpor
_cBiblioteca Nacional de Agricultura
041 _a(Por)
072 _aK10
090 _ K10 BR9405526
110 1 _aSenado Federal, Brasilia, DF (Brasil)
_99266
245 1 _aCPI hileia Amazonica, relatorio final
260 3 _aBrasilia, DF (Brasil):
_c1990.
300 _a90 p.
500 _a21 ref.; 14 illus.
650 _aDesmatamento
650 _aFloresta
650 _aAmazonia
909 _a202309
_bLucia
_c55
_dLucia Elande
942 _cBK
999 _c50055
_d50055